00496nam a2200133Ia 4500008004100000041000800041082001200049100005800061245002500119260003900144906001200183999001700195952015000212221007s9999 xx 000 0 und d aeng bSHA/CHA aSharma S K, Composer & Chaurasia H P, Composer996762 aMusic of The Valleys c2011bThe India Today GroupaDelhi bGeneral c61202d61202 00104070aHIMRbHIMRd2011-12-08eDream Inheritorg100.00i2812l0o SHA/CHApHIMR-AV-1373r2022-10-07 00:00:00v100.00w2011-11-17yVCzAV1373